00698nam a2200181 a 4500008004100000020001500041050001700056110006900073245013800142260004700280300001500327350000900342490004800351650001400399650004500413650004300458650001500501100930s1995 ||||||||||||||||| || u a0935018727 aTD 884.5 For aForest Products Society Conference (June, 1994: Portland, Maine)10aMeasuring and controlling volatile organic compound and particulate emissions from wood processing operations and wood-based products aMadison, WIbForest Products Societyc1995 a91p.: ill. a0.00 aForest Products Societyproceedings, no.7301 aPOLLUTION aORGANIC COMPOUNDS--ENVIRONMENTAL ASPECTS aWOOD PROCESSING--ENVIRONMENTAL ASPECTS aPOLLUTANTS